00375nam a22001457a 4500008004100000020001500041050002200056100001800078245004000096250001200136260002400148300001500172650001500187700002700202211103b |||||||| |||| 00| 0 eng d a0865429611 aQR183b.H39 2002  aHay, Frank C. aPractical Immunology/cFrank C. Hay a4th ed. aUKbBlackwellc2002 avii, 400p. aImmunology aWestwood, Olwyn, M. R.